[Event "Brandenburg 2-Schleswig-Holstein 2"]
[Site "Templin"]
[Date "2017.10.01"]
[Round "7.4"]
[White "Sawinsky, Ralf"]
[Black "Böttcher, Ulrich"]
[Result "0-1"]
[WhiteElo "1956"]
[BlackElo "2032"]
[PlyCount "60"]
[EventDate "2017.??.??"]
[WhiteTeam "Brandenburg 2"]
[BlackTeam "Schleswig-Holstein 2"]

1. e4 c5 2. b3 Nc6 3. Nf3 d6 4. Bb5 Bd7 5. Bxc6 Bxc6 6. Nc3 Nf6 7. Bb2 Nxe4 8.
Nxe4 Bxe4 9. Ng5 Bg6 10. O-O e5 11. f4 Be7 12. Nh3 f6 13. Qf3 Qd7 14. f5 Bf7
15. c4 O-O-O 16. Nf2 g5 17. Nd1 d5 18. d3 h5 19. Nc3 g4 20. Qe2 Kb8 21. Rad1
Rc8 22. Nxd5 Bxd5 23. cxd5 Qxd5 24. Qe4 Rcd8 25. Rfe1 Rd7 26. Qxd5 Rxd5 27. Kf2
Rhd8 28. Ke3 Bf8 29. g3 Bh6+ 30. Ke4 Rd4+ 0-1